Responses for show #4431 - Monday, December 8, 2003

Game data retrieved from an alternate archive.

Contestants

[<< previous game]

Patrick Fernan, a government manager from Madison, Wisconsin

Mindy Steinberg, a public affairs program assistant from Philadelphia, Pennsylvania

Renie Sotiropoulos, a high school teacher from Crownsville, Maryland (whose 1-day cash winnings total $12,400)

[next game >>]

Jeopardy! Round responses

EAST ON THE MAP
SPORTS
BODY OF EVIDENCE
A BRITISH MONOPOLY SET
THE CABINET
PREFIXES YOU CAN COUNT ON
    $200 1
(Mindy: What is the Long Island Sound?)

the East River

MindyPatrick
    $200 2
Denver

Mindy
    $200 3
the spinal cord

Mindy
    $200 24
£200

Patrick
    $200 21
John Adams

Mindy
    $200 12
a unicycle

Patrick
    $400 8
East L.A.

Renie
    $400 10
the Tennessee Titans

Patrick
    $400 4
a mole

Renie
    $400 27
railroads

Renie
    $500 22
(Mindy: What is the Civil War?)

World War II

Mindy
    $400 17
an octopus

Renie
    $600 9
East Germany

Patrick
    $600 11
(Renie: Who is Marvis Frazier?)

Joe Frazier

RenieMindy
    $600 5
(Mindy: What is a ligament?)

a tendon

RenieMindy
    $600 28
Fleet Street

Mindy
    $600 23
(Mindy: Who is Kennedy?)
...
(Alex: Who is [*]? Which one?)

George H W. Bush

Mindy
Triple Stumper
    $600 18
decimal

Patrick
    $800 15
East Lansing

Renie
    $800 13
Mario Lemieux

Patrick
    $800 6
the heart

Mindy
    $800 29
(Renie: What is Trafalgar Square?

Piccadilly

ReniePatrick
    $800 25
impeachment

Triple Stumper
    $800 19
a centipede

Mindy
    $1000 16
(Patrick: What is the East Sahara?

the Middle East

MindyPatrick
    $1000 14
(Renie: Who is Johnny Bench?)

Carlton Fisk

ReniePatrick
    $1000 7
the buttocks

Renie
    $1000 30
(Mindy: What is Oriental?)
(Renie: What is Baltic?)

Mediterranean

RenieMindyPatrick
    $1000 26
(Patrick: What is Health?)

Commerce

Patrick
Triple Stumper
    $1000 20
a trilogy

Renie

Scores at the first commercial break (after clue 15):

Renie Mindy Patrick
$1,600 $1,000 $3,200

Scores at the end of the Jeopardy! Round:

Renie Mindy Patrick
$1,600 $1,500 $3,800

Double Jeopardy! Round responses

CLASSICAL CLASSICS
KING ARTHUR
THE TOTEM POLE VAULT
SHORT HOLLYWOOD MARRIAGES
BE BITTER
ABOUT "IT"
    $400 23
Beethoven

Mindy
    $400 26
Guinevere

Mindy
    $400 13
salmon

Renie
    $400 1
(Patrick: Who is Peter Fonda?)

Dennis Hopper

Patrick
Triple Stumper
    $400 6
batter

Renie
    $400 11
a critic

Renie
    $800 22
the trumpet

Triple Stumper
    $800 27
Galahad

Patrick
    $800 14
(Renie: What is a tribe?)

a family

ReniePatrick
    $800 2
Liza Minnelli

Patrick
    $800 7
(Mindy: What is Campari?)

Angostura

MindyPatrick
    $800 12
an eyewitness

Patrick
    $200 21
(Patrick: What is birds?)

the Royal Fireworks

Patrick
    $1200 28
Avalon

Triple Stumper
    $1200 15
a raven

Mindy
    $1200 3
Drew Barrymore

Patrick
    $800 8
(bitter) almonds

Patrick
    $1200 16
shiitake mushrooms?

Renie
    $1600 24
A Midsummer Night's Dream

Triple Stumper
    $1600 19
cedar

Patrick
    $1600 4
Ethel Merman

Mindy
    $1600 9
"a bitter pill to swallow"

Renie
    $1600 17
solitary

Triple Stumper
    $2000 25
Giacomo Puccini

Triple Stumper
    $2000 20
the Russians

Triple Stumper
    $2000 5
Shannen Doherty

Mindy
    $2000 10
the bitter end

Renie
    $2000 18
hospitality

Patrick

Scores at the end of the Double Jeopardy! Round:

Renie Mindy Patrick
$6,800 $6,300 $12,800

[wagering suggestions for these scores]

Final Jeopardy! Round responses

PRESIDENTIAL CANDIDATES
MindyWho is Wilkie?
$6,001
RenieWho is Dewey?
$6,799
PatrickWho is William Jennings Bryan?
$801
Adlai Stevenson

Final scores:

Renie Mindy Patrick
$1 $299 $11,999
3rd place: $1,000 2nd place: $2,000 New champion: $11,999

Game dynamics:

Coryat scores:

Renie Mindy Patrick
$6,800 $6,800 $13,400
14 R,
5 W
13 R,
6 W
(including 1 DD)
19 R
(including 1 DD),
4 W
(including 1 DD)

Combined Coryat: $27,000

The J! Archive is created by fans, for fans. The Jeopardy! game show and all elements thereof, including but not limited to copyright and trademark thereto, are the property of Jeopardy Productions, Inc. and are protected under law. This website is not affiliated with, sponsored by, or operated by Jeopardy Productions, Inc. Join the discussion at JBoard.tv.